• 首页
  • 本馆介绍
  • 公告通知
  • 最新文献
  • 馆藏检索
  • 电子资源
  • 读者导购
  • 参考咨询
  • 我的图书馆
  • 登录
  • 详细信息显示
  • 放入我的书架
  • 预约/预借图书
  • 作者相关作品
  • 分类相关作品
  • 丛书相关作品
  • 出版社相关作品

书目信息

  • 表格格式
  • 工作单格式
  • 卡片格式
题名:
货币战争批判
    
 
作者: 肖波 编著
分册:  
出版信息: 北京   中国经济出版社  2009
页数: 298页
开本: 24cm
丛书名:
单 册:
中图分类: F831.9
科图分类:
主题词: 金融--经济史--世界 , 金融 , 经济史
电子资源:
ISBN: 978-7-5017-9249-8
000 00781nam0 2200253 45
001 1032979109
005 20100408162617.48
010    @a978-7-5017-9249-8@dCNY39.00
100    @a20100331e2009 em y0chiy50 ea
101 0  @achi
102    @aCN@b110000
105    @aa z 000yy
106    @ar
200 1  @a货币战争批判@AHuo Bi Zhan Zheng Pi Pan@f肖波编著@FXiao Bo Bian Zhu
210    @a北京@c中国经济出版社@d2009
215    @a298页@c图,照片@d24cm
330    @a本书以历史事实批评了《货币战争》存在的错误,揭示历史的真相,从正面引导人们认识金融史,正确看待中国金融改革。
606 0  @a金融@x经济史@y世界
606 0  @a金融
606 0  @a经济史
690    @aF831.9@v4
701  0 @a肖波@AXiao Bo@4编著
801  0 @aCN@bTANGWEI@c20100408
905    @b0586986-90@dF831.9@e42@f5
    
    货币战争批判/肖波编著.-北京:中国经济出版社,2009
    298页:图,照片;24cm
    
    
    ISBN 978-7-5017-9249-8:CNY39.00
    本书以历史事实批评了《货币战争》存在的错误,揭示历史的真相,从正面引导人们认识金融史,正确看待中国金融改革。
●
相关链接 在E读中查询图书 在五车中查询图书 在当当中查询图书 在豆瓣中查询图书


正题名:货币战争批判     索取号:F831.9/42         预约/预借

序号 登录号 条形码 馆藏地/架位号 状态 备注
1 0586986   205869862   第一样本阅览室/ [索取号:F831.9/42] 在馆    
2 0586987   205869871   第一借阅区/ [索取号:F831.9/42] 在馆    
3 0586988   205869880   第一借阅区/ [索取号:F831.9/42] 在馆    
4 0586989   205869899   第一借阅区/ [索取号:F831.9/42] 在馆    
5 0586990   205869906   第一借阅区/ [索取号:F831.9/42] 在馆    
唐山师范学院图书馆 欢迎您!
大连网信软件有限公司© 版权所有